Propiedades térmicas de la materia : (Registro nro. 7754)

Detalles MARC
000 -CABECERA
Campo de control interno 01803nam a2200241Ia 4500
008 - ELEMENTOS DE LONGITUD FIJA - INFORMACIÓN GENERAL
Campo de control de longitud fija 260220t1970||||xx |||||||||||||| ||spa||
040 ## - FUENTE DE CATALOGACIÓN
Agencia de catalogación original PY-SlUNAC
Idioma de catalogación spa
Convenciones de descripción rda
041 ## - CÓDIGO DE IDIOMA
Código de idioma para texto/pista de sonido o título separado spa
082 ## - NÚMERO DE CLASIFICACIÓN DECIMAL DEWEY
Clasificación Decimal Dewey (CDD) 530.43
Clasificación Expansiva de Cutter (EC) K169p
100 ## - ASIENTO PRINCIPAL - NOMBRE PERSONAL
Nombre personal Kauzmnan, Walter
Rol del autor Autor
245 #0 - TÍTULO
Título Propiedades térmicas de la materia :
Subtítulo teoría cinética de los gases /
Mención de responsabilidad por Walter Kauzmnan [Autor]
264 ## - PIE DE IMPRENTA
Lugar Barcelona :
Editorial México,
Año ℗1970.
300 ## - DESCRIPCIÓN FÍSICA
Páginas 1 volumen
520 ## - NOTA DE RESUMEN
Nota de resumen El libro "Propiedades térmicas de la materia" de Walter Kauzmann ofrece un análisis profundo de las propiedades térmicas de diferentes materiales, centrándose en la teoría cinética de los gases. A lo largo de sus capítulos, Kauzmann explora cómo la teoría cinética proporciona una base fundamental para comprender el comportamiento de los gases, incluyendo conceptos como la presión, la temperatura y el volumen. La obra también discute la relación entre la energía térmica y las interacciones moleculares, destacando la importancia de la estadística en la descripción de sistemas térmicos. A través de ejemplos y modelos matemáticos, el autor ilustra cómo las propiedades macroscópicas de los gases pueden derivarse de las características microscópicas de sus partículas constituyentes. Además, se abordan las implicaciones de estos principios en áreas como la termodinámica y la física de materiales, ofreciendo un recurso valioso tanto para estudiantes como para investigadores interesados en la ciencia de los materiales y la física del estado sólido.
653 ## - MATERIA - TÉRMINO TEMÁTICO NO CONTROLADO (PALABRAS CLAVE)
Materia - término temático no controlado (palabras clave) Gases
653 ## - MATERIA - TÉRMINO TEMÁTICO NO CONTROLADO (PALABRAS CLAVE)
Materia - término temático no controlado (palabras clave) Propiedades térmicas
653 ## - MATERIA - TÉRMINO TEMÁTICO NO CONTROLADO (PALABRAS CLAVE)
Materia - término temático no controlado (palabras clave) Teoría cinética
942 ## - ELEMENTOS PERSONALIZADOS (KOHA)
Fecha catalogación 2026/02/17
Tipo de documento Libros
Existencias
Fuente de Clasificacion Colección Ubicacion permanente Biblioteca actual Fecha de Ingreso a la Biblioteca Origen de adquisición Código de ubicación Código de barras Tipo de Item KOHA Nota pública
Dewey Decimal Classification Colección General (CG) Biblioteca e Internet, Facultad de Ciencias Exactas y Naturales Biblioteca e Internet, Facultad de Ciencias Exactas y Naturales 02/20/2026 Donación 530.43 K169p CG1114 Libros Material disponible en la Biblioteca e Intenet, Campus UNA, San Lorenzo.